000 00555nam a2200205 a 4500
001 BRCA_5845
005 20190320205234.0
008 140311s1916----gw-#######---#000-0#ger-#
041 _ager
044 _agw
050 4 _aQC6
_b.E55
_c1916
100 1 _aEinstein, Albert.
_d1879-1955
_914803
245 1 0 _aDie Grundlage der allgemeinen Relativitatstheorie.
260 _aLeipzig, Alemania
_bJ. A. Barth
_c1916.
300 _a64 p.
_c24 cm.
500 _aH106
650 1 4 _aRelatividad (FĂ­sica)
_y1916
_zLeipzig
_914804
902 _aGFM
942 _2lcc
_cB
999 _c5534
_d5534